<?xml version="1.0" encoding="UTF-8"?>
<record
    xmlns:xsi="http://www.w3.org/2001/XMLSchema-instance"
    xsi:schemaLocation="http://www.loc.gov/MARC21/slim http://www.loc.gov/standards/marcxml/schema/MARC21slim.xsd"
    xmlns="http://www.loc.gov/MARC21/slim">

  <leader>02071nam a2200229   4500</leader>
  <controlfield tag="001">ESSALUD</controlfield>
  <controlfield tag="007">ta</controlfield>
  <controlfield tag="008">      t2026    pe ||||| |||| 00| 0 spa d</controlfield>
  <datafield tag="040" ind1=" " ind2=" ">
    <subfield code="a">BMG</subfield>
  </datafield>
  <datafield tag="041" ind1=" " ind2=" ">
    <subfield code="a">spa</subfield>
  </datafield>
  <datafield tag="100" ind1=" " ind2=" ">
    <subfield code="a">Rodr&#xED;guez Luna, Juan Carlos</subfield>
    <subfield code="e">autor</subfield>
    <subfield code="9">52704</subfield>
  </datafield>
  <datafield tag="245" ind1=" " ind2=" ">
    <subfield code="a">La corrupci&#xF3;n y su impacto en la salud mental de los gestores p&#xFA;blicos en el Per&#xFA;</subfield>
  </datafield>
  <datafield tag="300" ind1=" " ind2=" ">
    <subfield code="a">p&#xE1;ginas 51-57</subfield>
  </datafield>
  <datafield tag="520" ind1=" " ind2=" ">
    <subfield code="a">Con el objetivo de analizar el impacto de la corrupci&#xF3;n sobre la salud mental de los gestores p&#xFA;blicos en el Per&#xFA;, identificando las principales manifestaciones psicol&#xF3;gicas, los factores de riesgo y las estrategias de mitigaci&#xF3;n descritas en la literatura cient&#xED;fica, se realiz&#xF3; una revisi&#xF3;n narrativa estructurada de la literatura publicada entre 2015 y 2025 en bases de datos como PubMed, Scopus, SciELO y Google Scholar, utilizando descriptores MeSH y DeCS en espa&#xF1;ol e ingl&#xE9;s. Se incluyeron 38 publicaciones seleccionadas mediante criterios expl&#xED;citos de inclusi&#xF3;n y exclusi&#xF3;n. Los gestores p&#xFA;blicos que operan en entornos de alta corrupci&#xF3;n presentan mayores &#xED;ndices de agotamiento emocional, deterioro de la identidad profesional y conflictos &#xE9;ticos persistentes. Se identifican como factores de riesgo la ambig&#xFC;edad normativa, la presi&#xF3;n institucional para participar en actos irregulares y la impunidad sistem&#xE1;tica. Existe una relaci&#xF3;n bidireccional entre corrupci&#xF3;n y deterioro de la salud mental en gestores p&#xFA;blicos peruanos, con implicancias para las pol&#xED;ticas de gesti&#xF3;n del talento humano en el sector p&#xFA;blico. La implementaci&#xF3;n de sistemas de integridad organizacional, la capacitaci&#xF3;n en &#xE9;tica p&#xFA;blica y el fortalecimiento de mecanismos de denuncia constituyen estrategias protectoras.</subfield>
  </datafield>
  <datafield tag="650" ind1=" " ind2=" ">
    <subfield code="a">CORRUPCI&#xD3;N</subfield>
    <subfield code="9">3938</subfield>
  </datafield>
  <datafield tag="650" ind1=" " ind2=" ">
    <subfield code="a">SALUD LABORAL</subfield>
    <subfield code="9">6630</subfield>
  </datafield>
  <datafield tag="650" ind1=" " ind2=" ">
    <subfield code="a">AGOTAMIENTO PROFESIONAL</subfield>
    <subfield code="9">14872</subfield>
  </datafield>
  <datafield tag="650" ind1=" " ind2=" ">
    <subfield code="a">SALUD MENTAL</subfield>
  </datafield>
  <datafield tag="653" ind1=" " ind2=" ">
    <subfield code="a">EMPLEADO P&#xDA;BLICO</subfield>
  </datafield>
  <datafield tag="773" ind1="0" ind2=" ">
    <subfield code="0">22497</subfield>
    <subfield code="9">22595</subfield>
    <subfield code="d">Lima :  IETSI</subfield>
    <subfield code="o">CITES01</subfield>
    <subfield code="t">Ciencia y Tecnolog&#xED;a aplicada a la Salud P&#xFA;blica</subfield>
    <subfield code="w">ESSALUD</subfield>
    <subfield code="x">3119-7981</subfield>
  </datafield>
  <datafield tag="942" ind1=" " ind2=" ">
    <subfield code="c">ARTICULOS</subfield>
    <subfield code="e">2026-06-11</subfield>
    <subfield code="z">AFC</subfield>
  </datafield>
  <datafield tag="999" ind1=" " ind2=" ">
    <subfield code="c">22523</subfield>
    <subfield code="d">22523</subfield>
  </datafield>
</record>
